[Event "IECG QN.2004.0.00329"]
[Site "IECG email"]
[Date "2004.06.14"]
[Round "?"]
[White "Grkinic, Zoran"]
[Black "Gargiulo, Salvatore"]
[Result "1-0"]
[WhiteElo "800"]
[BlackElo "661"]
[PlyCount "49"]
[EventDate "2004.06.14"]
[EventType "tourn (corr)"]
[EventRounds "6"]
[SourceTitle "Corr 2008"]
[Source "ChessBase"]
[SourceDate "2008.06.24"]
[SourceVersion "1"]
[SourceVersionDate "2008.06.24"]
[SourceQuality "1"]

1. e4 e5 2. Nf3 Nc6 3. Bc4 Nf6 4. Ng5 Qe7 5. Bxf7+ Kd8 6. Bc4 d6 7. Nf7+ Ke8 8. Nxh8 Nxe4 9. Qh5+ g6 10. Nxg6 hxg6 11. Qxg6+ Kd8 12. Qxe4 d5 13. Qxd5+ Bd7 14. Na3 Nb4 15. Qg8 a6 16. 0-0 Bc6 17. c3 Bd5 18. Bxd5 c6 19. Be4 Kc7 20. cxb4 Qxb4 21. Nc4 b5 22. Qh7+ Kb8 23. Nxe5 Kc8 24. Qd7+ Kb8 25. Nxc6# 1-0

[Event "IECG QN.2004.0.00329"]
[Site "IECG email"]
[Date "2004.06.14"]
[Round "?"]
[White "Grkinic, Zoran"]
[Black "McNally, Tony"]
[Result "0-1"]
[WhiteElo "800"]
[BlackElo "928"]
[PlyCount "62"]
[EventDate "2004.06.14"]
[EventType "tourn (corr)"]
[EventRounds "6"]
[SourceTitle "Corr 2008"]
[Source "ChessBase"]
[SourceDate "2008.06.24"]
[SourceVersion "1"]
[SourceVersionDate "2008.06.24"]
[SourceQuality "1"]

1. e4 c5 2. Nc3 Nc6 3. Nf3 d6 4. d4 cxd4 5. Nxd4 Nf6 6. Bb5 Bd7 7. 0-0 a6 8. Be2 g6 9. Be3 Bg7 10. Nd5 Nxd5 11. exd5 Nxd4 12. Bxd4 0-0 13. Bxg7 Kxg7 14. Qd4+ f6 15. Rfe1 Rc8 16. c3 Qa5 17. Bg4 Bxg4 18. Rxe7+ Rf7 19. Rxf7+ Kxf7 20. Qxg4 Re8 21. Qd7+ Re7 22. Qxd6 Qb5 23. b4 Qe2 24. Rf1 Qd2 25. Qd8 Re1 26. Qc7+ Ke8 27. Qc8+ Kf7 28. Qxb7+ Kf8 29. Qxa6 Rxf1+ 30. Qxf1 Qxc3 31. b5 Qd4 0-1

[Event "IECG CP.2003.P.00081 email"]
[Site "IECG email"]
[Date "2003.10.01"]
[Round "?"]
[White "Grkinic, Zoran"]
[Black "Liew, Jimmy"]
[Result "0-1"]
[WhiteElo "800"]
[BlackElo "1852"]
[PlyCount "46"]
[EventDate "2003.10.01"]
[EventType "tourn (corr)"]
[EventRounds "6"]
[EventCountry "GER"]
[SourceTitle "Corr 2008"]
[Source "ChessBase"]
[SourceDate "2008.06.24"]
[SourceVersion "1"]
[SourceVersionDate "2008.06.24"]
[SourceQuality "1"]

1. e4 e5 2. Nf3 Nc6 3. Bc4 Nf6 4. Ng5 Bc5 5. Bxf7+ Ke7 6. Bd5 Rf8 7. 0-0 d6 8. Nc3 Bg4 9. Nf3 Nxd5 10. Nxd5+ Kd7 11. c3 Qe8 12. b4 Qg6 13. Nh4 Qh5 14. Nf3 Rxf3 15. bxc5 Rh3 16. f3 Rxh2 17. Kf2 Rf8 18. Ke3 Rxg2 19. Bb2 Rg3 20. Kd3 Rfxf3+ 21. Kc2 Rxc3+ 22. Bxc3 Bxd1+ 23. Raxd1 dxc5 0-1